[Event "Skalica Rapid 2020"]
[Site "Skalica"]
[Date "2020.08.29"]
[Round "3.3"]
[White "Cajka Tibor"]
[Black "Pechac, Jergus"]
[Result "0-1"]
[WhiteElo "2116"]
[BlackElo "2430"]
[Annotator "TA"]
[PlyCount "66"]
[EventDate "2020.08.29"]
[EventType "swiss"]
[EventCountry "SVK"]
[SourceTitle "playchess.com"]
[Source "ChessBase"]
[SourceQuality "1"]

{[%evp 11,66,20,21,2,7,8,33,5,13,0,0,-8,3,-12,26,12,0,16,36,33,39,-26,-27,-40,0,-26,-21,-30,-12,-8,-3,-121,-134,-130,-83,-130,-131,-195,-174,-156,-143,-124,-128,-110,-125,-379,-360,-406,-324,-441,-373,-349,-358,-455,-429,-814,-778]} 1. e4 e5 2. Nf3 Nc6 3. Bc4 Bc5 4. O-O Nf6 5. d3 a6 6. c3 d6 7. Bg5 {7.a4 gains popularity. C54: Giuoco Piano: 4 c3 Nf6, main lines with 5 d4 and 5 d3.} Ba7 8. a4 O-O 9. Nbd2 {White is slightly better.} h6 10. Bh4 g5 11. Bg3 Nh7 12. Bb3 {[#]} Qf6 $146 ({Predecessor:} 12... g4 13. Nh4 Qg5 14. Kh1 Nf6 15. f4 exf4 16. Rxf4 Nh5 17. Rf1 Nxg3+ 18. hxg3 Ne7 {1-0 (27) Martirosyan,H (2607)-Harutyunian,T (2542) Yerevan 2019}) 13. Nc4 h5 {[#] Strongly threatening ...h4.} 14. h4 Ne7 15. hxg5 Nxg5 16. Nxg5 (16. Nh4 $1 $14) 16... Qxg5 $11 17. Kh1 Ng6 (17... Bg4 {is interesting.} 18. Qc1 Qxc1 19. Raxc1 Be6 20. Rce1 b5) 18. Qd2 Qxd2 $1 19. Nxd2 h4 20. Bh2 Kg7 21. f4 (21. Rae1 $11 {keeps the balance.}) 21... Be3 $36 {[%mdl 2048] White is under strong pressure.} 22. Nf3 {[%cal Rf4e5]} exf4 23. d4 Bg4 24. Ng1 (24. Bg1 $17 {was called for.}) 24... Rae8 25. Bc2 c5 26. Nh3 Bxh3 27. gxh3 cxd4 28. c4 $2 {[%mdl 8192] [#] This move loses the game for White.} (28. cxd4 $17 Rc8 29. Bb3) 28... Kf6 $19 29. Ra3 Rc8 30. Bd3 Ke5 31. Rb3 Rc7 32. Rb6 Ne7 33. b4 (33. a5 $142) 33... Nc8 {Accuracy: White = 48%, Black = 88%.} 0-1

[Event "Skalica Rapid 2020"]
[Site "Skalica"]
[Date "2020.08.29"]
[Round "3.3"]
[White "Beres, Tomas"]
[Black "Blaha, Tomas S"]
[Result "1-0"]
[WhiteElo "1948"]
[BlackElo "1089"]
[Annotator "ChessBase"]
[PlyCount "55"]
[EventDate "2020.08.29"]
[EventType "swiss"]
[EventCountry "SVK"]
[SourceTitle "playchess.com"]
[Source "ChessBase"]
[SourceQuality "1"]
[TimeControl "600+5"]

1. c4 {[%emt 0:00:00]} c5 {[%emt 0:00:00]} 2. Nc3 {[%emt 0:00:00]} Nc6 {[%emt 0:00:00]} 3. g3 {[%emt 0:00:00]} g6 {[%emt 0:00:00]} 4. Bg2 {[%emt 0:00:00]} Bg7 {[%emt 0:00:00]} 5. Nf3 {[%emt 0:00:01]} Nf6 {[%emt 0:00:00]} 6. O-O {[%emt 0:00:02]} O-O {[%emt 0:00:01]} 7. d3 {[%emt 0:00:00]} d6 {[%emt 0:00:02]} 8. a3 {[%emt 0:00:03]} a6 {[%emt 0:00:01]} 9. Rb1 {[%emt 0:00:01]} Rb8 {[%emt 0:00:02]} 10. Bd2 {[%emt 0:00:09]} Bd7 {[%emt 0:00:01]} 11. b4 {[%emt 0:00:13]} cxb4 {[%emt 0:00:33]} 12. axb4 {[%emt 0:00:01]} b5 {[%emt 0:00:01]} 13. cxb5 {[%emt 0:00:31]} axb5 {[%emt 0:00:01]} 14. Qb3 {[%emt 0:00:23]} Qb6 {[%emt 0:00:37]} 15. Be3 {[%emt 0:00:03]} Be6 {[%emt 0:00:02]} 16. Qa3 {[%emt 0:03:43]} Qb7 {[%emt 0:00:47]} 17. Nd4 {[%emt 0:00:20]} Ra8 {[%emt 0:01:10]} 18. Qc1 {[%emt 0:00:32]} Bd7 {[%emt 0:00:27]} 19. Ncxb5 {[%emt 0:00:16]} Nxd4 {[%emt 0:02:45]} 20. Nxd4 {[%emt 0:00:42]} Nd5 {[%emt 0:00:04]} 21. Qd2 {[%emt 0:00:16]} Ra4 {[%emt 0:01:24]} 22. Rfc1 {[%emt 0:01:06]} Rxb4 {[%emt 0:01:29]} 23. Bxd5 {[%emt 0:00:23]} Qxd5 {[%emt 0:00:43]} 24. Qxb4 {[%emt 0:00:02]} Bh3 {[%emt 0:00:08]} 25. Nf3 {[%emt 0:00:05]} Qa2 {[%emt 0:00:44]} 26. Qh4 {[%emt 0:00:50]} Qxe2 {[%emt 0:00:25]} 27. Ng5 {[%emt 0:00:16]} Bg2 {[%emt 0:00:28]} 28. Qxh7# {[%emt 0:00:03]} 1-0

[Event "Skalica Rapid 2020"]
[Site "Skalica"]
[Date "2020.08.29"]
[Round "3.4"]
[White "Yankelevich, Lev"]
[Black "Blaho, Stefan"]
[Result "1-0"]
[WhiteElo "2388"]
[BlackElo "2090"]
[Annotator "ChessBase"]
[PlyCount "95"]
[EventDate "2020.08.29"]
[EventType "swiss"]
[EventCountry "SVK"]
[SourceTitle "playchess.com"]
[Source "ChessBase"]
[SourceQuality "1"]
[TimeControl "600+5"]

1. Nf3 {[%emt 0:00:00]} d5 {[%emt 0:00:26]} 2. d4 {[%emt 0:00:07]} Nf6 {[%emt 0:00:14]} 3. c4 {[%emt 0:00:01]} e6 {[%emt 0:00:03]} 4. Nc3 {[%emt 0:00:02]} Bb4 {[%emt 0:00:13]} 5. Qa4+ {[%emt 0:00:12]} Nc6 {[%emt 0:00:01]} 6. e3 {[%emt 0:00:03]} O-O {[%emt 0:00:10]} 7. Bd2 {[%emt 0:00:02]} a6 {[%emt 0:00:15]} 8. cxd5 {[%emt 0:00:43]} exd5 {[%emt 0:00:01]} 9. Bd3 {[%emt 0:00:02]} Qe7 {[%emt 0:00:36]} 10. O-O {[%emt 0:00:22]} Bd6 {[%emt 0:01:33]} 11. h3 {[%emt 0:00:09]} Be6 {[%emt 0:00:34]} 12. a3 {[%emt 0:00:03]} Rad8 {[%emt 0:01:46]} 13. Qc2 {[%emt 0:00:08]} g6 {[%emt 0:00:44]} 14. Rfe1 {[%emt 0:00:08]} Rfe8 {[%emt 0:00:31]} 15. b4 {[%emt 0:00:26]} Qd7 {[%emt 0:00:24]} 16. Ng5 {[%emt 0:00:06]} Nh5 {[%emt 0:00:24]} 17. Nxe6 {[%emt 0:00:27]} Qxe6 {[%emt 0:00:03]} 18. Be2 {[%emt 0:00:02]} Ng7 {[%emt 0:00:01]} 19. Bf3 {[%emt 0:00:03]} Ne7 {[%emt 0:00:01]} 20. e4 {[%emt 0:00:02]} dxe4 {[%emt 0:00:02]} 21. Nxe4 {[%emt 0:00:07]} Qf5 {[%emt 0:00:20]} 22. Bg4 {[%emt 0:00:11]} Qb5 {[%emt 0:00:23]} 23. Nf6+ {[%emt 0:00:05]} Kh8 {[%emt 0:00:02]} 24. Be2 {[%emt 0:01:48]} Qf5 {[%emt 0:01:36]} 25. Qxf5 {[%emt 0:00:02]} Nexf5 {[%emt 0:00:02]} 26. Nxe8 {[%emt 0:00:02]} Rxe8 {[%emt 0:00:05]} 27. Bf3 {[%emt 0:00:12]} Rb8 {[%emt 0:00:10]} 28. Bc3 {[%emt 0:00:07]} Kg8 {[%emt 0:00:05]} 29. g3 {[%emt 0:00:13]} Ne6 {[%emt 0:00:04]} 30. Rad1 {[%emt 0:00:07]} Nf8 {[%emt 0:00:21]} 31. Kg2 {[%emt 0:00:07]} Nd7 {[%emt 0:00:04]} 32. Bg4 {[%emt 0:00:08]} Nb6 {[%emt 0:00:36]} 33. Bxf5 {[%emt 0:00:07]} gxf5 {[%emt 0:00:01]} 34. d5 {[%emt 0:00:09]} Nc4 {[%emt 0:00:05]} 35. a4 {[%emt 0:00:10]} Nb6 {[%emt 0:00:17]} 36. a5 {[%emt 0:00:05]} Nc4 {[%emt 0:00:10]} 37. Re2 {[%emt 0:00:31]} h6 {[%emt 0:00:01]} 38. Rd4 {[%emt 0:00:03]} b5 {[%emt 0:00:02]} 39. Rh4 {[%emt 0:00:29]} Kh7 {[%emt 0:00:05]} 40. Rh5 {[%emt 0:00:16]} Kg6 {[%emt 0:00:00]} 41. g4 {[%emt 0:00:05]} f4 {[%emt 0:00:09]} 42. Rf5 {[%emt 0:00:00]} Rc8 {[%emt 0:00:03]} 43. Rf6+ {[%emt 0:00:07]} Kh7 {[%emt 0:00:03]} 44. Rxf7+ {[%emt 0:00:03]} Kg8 {[%emt 0:00:02]} 45. Rg7+ {[%emt 0:00:06]} Kf8 {[%emt 0:00:02]} 46. Rh7 {[%emt 0:00:07]} f3+ {[%emt 0:00:13]} 47. Kxf3 {[%emt 0:00:03]} c6 {[%emt 0:00:03]} 48. Rh8+ {[%emt 0:00:03]} 1-0

[Event "Skalica Rapid 2020"]
[Site "Skalica"]
[Date "2020.08.29"]
[Round "3.5"]
[White "Panko, Radoslav"]
[Black "Bucek, Miroslav"]
[Result "1-0"]
[WhiteElo "2039"]
[BlackElo "1422"]
[Annotator "ChessBase"]
[PlyCount "38"]
[EventDate "2020.08.29"]
[EventType "swiss"]
[EventCountry "SVK"]
[SourceTitle "playchess.com"]
[Source "ChessBase"]
[SourceQuality "1"]
[TimeControl "600+5"]

1. e4 {[%emt 0:00:00]} e5 {[%emt 0:01:06]} 2. f4 {[%emt 0:00:06]} exf4 {[%emt 0:00:05]} 3. Nf3 {[%emt 0:00:02]} Ne7 {[%emt 0:00:06]} 4. d4 {[%emt 0:00:05]} d5 {[%emt 0:00:03]} 5. e5 {[%emt 0:00:16]} Ng6 {[%emt 0:00:05]} 6. Bd3 {[%emt 0:00:09]} c5 {[%emt 0:00:04]} 7. c3 {[%emt 0:00:07]} Nc6 {[%emt 0:00:03]} 8. Bxg6 {[%emt 0:01:38]} hxg6 {[%emt 0:00:02]} 9. Bxf4 {[%emt 0:00:04]} Bg4 {[%emt 0:00:04]} 10. Nbd2 {[%emt 0:00:41]} cxd4 {[%emt 0:00:13]} 11. cxd4 {[%emt 0:00:02]} Nxd4 {[%emt 0:00:09]} 12. Qa4+ {[%emt 0:00:10]} Nc6 {[%emt 0:00:14]} 13. Rc1 {[%emt 0:00:10]} Qd7 {[%emt 0:01:04]} 14. O-O {[%emt 0:01:01]} Be7 {[%emt 0:01:36]} 15. h3 {[%emt 0:05:27]} Be6 {[%emt 0:00:03]} 16. Qd1 {[%emt 0:00:28]} Rc8 {[%emt 0:00:42]} 17. Qe1 {[%emt 0:00:23]} Bxh3 {[%emt 0:03:24]} 18. gxh3 {[%emt 0:00:01]} Qxh3 {[%emt 0:00:02]} 19. Qg3 {[%emt 0:00:06]} Ra8 1-0

[Event "Skalica Rapid 2020"]
[Site "Skalica"]
[Date "2020.08.29"]
[Round "3.5"]
[White "Jurakic Lukas"]
[Black "Manik Mikulas"]
[Result "1/2-1/2"]
[WhiteElo "1918"]
[BlackElo "2313"]
[Annotator "ChessBase"]
[PlyCount "30"]
[EventDate "2020.08.29"]
[EventType "swiss"]
[EventCountry "SVK"]
[SourceTitle "playchess.com"]
[Source "ChessBase"]
[SourceQuality "1"]
[TimeControl "600+5"]

1. e4 {[%emt 0:00:00]} c5 {[%emt 0:00:00]} 2. Nf3 {[%emt 0:00:00]} d6 {[%emt 0:00:00]} 3. Bb5+ {[%emt 0:00:02]} Nd7 {[%emt 0:00:00]} 4. O-O {[%emt 0:00:02]} Ngf6 {[%emt 0:00:02]} 5. Re1 {[%emt 0:00:02]} a6 {[%emt 0:00:02]} 6. Bf1 {[%emt 0:00:02]} Ne5 {[%emt 0:00:28]} 7. h3 {[%emt 0:00:49]} e6 {[%emt 0:00:03]} 8. c3 {[%emt 0:00:05]} Be7 {[%emt 0:00:08]} 9. d4 {[%emt 0:00:13]} Nxf3+ {[%emt 0:00:14]} 10. Qxf3 {[%emt 0:00:02]} cxd4 {[%emt 0:00:09]} 11. cxd4 {[%emt 0:00:01]} d5 {[%emt 0:00:04]} 12. e5 {[%emt 0:00:13]} Ne4 {[%emt 0:00:02]} 13. Nc3 {[%emt 0:00:46]} Nxc3 {[%emt 0:00:08]} 14. bxc3 {[%emt 0:00:02]} O-O {[%emt 0:00:09]} 15. Bd3 {[%emt 0:00:11]} f5 {[%emt 0:00:05]} 1/2-1/2

[Event "Skalica Rapid 2020"]
[Site "Skalica"]
[Date "2020.08.29"]
[Round "3.6"]
[White "Samoun Florent"]
[Black "Valenta Vit"]
[Result "1-0"]
[WhiteElo "2228"]
[BlackElo "1994"]
[Annotator "TA"]
[PlyCount "101"]
[EventDate "2020.08.29"]
[EventType "swiss"]
[EventCountry "SVK"]
[SourceTitle "playchess.com"]
[Source "ChessBase"]
[SourceQuality "1"]

{[%evp 21,101,44,35,29,23,30,39,43,47,-14,31,24,19,0,2,0,28,13,39,46,143,9,10,-27,11,27,1,11,145,122,89,21,17,14,65,46,54,54,49,44,55,30,47,15,15,15,15,15,55,14,14,14,76,14,46,35,108,93,227,222,368,328,386,360,650,645,29988,333,308,96,29984,29984,29972,591,29985,29986,29986,29987,29994,29995,29995,29996]} 1. e4 e5 2. Nf3 Nc6 3. Bb5 a6 4. Ba4 Nf6 5. d3 d6 6. O-O Be7 7. c3 O-O 8. Re1 b5 9. Bc2 Bg4 10. h3 Bh5 11. Nbd2 d5 12. Qe2 {C87: Closed Ruy Lopez: Steinitz-type lines after 6 Re1 d6.} d4 13. g4 Bg6 14. cxd4 {White is slightly better.} exd4 15. Nf1 (15. a3 $14) 15... Nd7 {[#]} 16. Ng3 $146 ({Predecessor:} 16. a3 a5 17. a4 Nc5 18. axb5 Nb4 19. Ne5 Qe8 20. Nc6 Nxc6 21. bxc6 Qxc6 22. Nd2 {½-½ (73) Gopal,G (2572)-Savanovic,A (2417) Banja Luka 2008}) 16... Bd6 17. Bd2 Bxg3 18. fxg3 Nde5 19. Nh4 Qe7 20. Rac1 Nb4 (20... a5 $14) 21. Bb1 ({White has to play} 21. Nf5 $16 Bxf5 22. exf5) 21... c5 $11 22. Bf4 Rac8 23. Nf5 Bxf5 $1 24. exf5 f6 (24... Nbc6 $1 $11) 25. Bxe5 $16 {aiming for Bf4.} Rfe8 26. a3 (26. Qf3 $16) 26... Nc6 $1 $11 {[%cal Rc6e5][%mdl 64] Pin} 27. Ba2+ Kh8 (27... c4 $11) 28. Be6 Nxe5 29. Bxc8 Rxc8 30. Qe4 Qd6 31. Kg2 c4 32. dxc4 bxc4 33. Rcd1 Rd8 34. g5 d3 35. h4 Qb6 36. Rd2 Qa5 (36... h5 $11) 37. Rf2 (37. Qf4 $1 $16) 37... Qc5 38. h5 c3 ({Better is} 38... Kg8 $14) 39. bxc3 $1 $16 {h6 is the strong threat.} Qxc3 (39... h6 $16 {is a better defense.}) 40. h6 $18 d2 (40... Qc6 {keeps fighting.}) 41. hxg7+ Kxg7 42. gxf6+ Kxf6 $2 (42... Kh8 43. Rh1 Qd4 44. Qxd4 Rxd4) 43. Qh4+ Kg7 44. Qg5+ $2 (44. Qe7+ {mates} Kg8 45. Qxd8+ {[%mdl 64] Double Attack} Kf7 46. Qd5+ {[%mdl 64] Double Attack} Kf8 47. Rxd2 Nf7 {[#]} 48. f6 $1 {[%mdl 512]} Qxf6 49. Rf2 $1 {[%mdl 512]}) 44... Kf7 45. Qh5+ $2 (45. Rb1 $18 {and the rest is easy.} Qc6+ 46. Kh3) 45... Kf6 $2 {[%mdl 8192]} (45... Kg8 $16 46. Qg5+ {[%mdl 64] Double Attack} Kf7) 46. Qh6+ Kf7 47. Qxh7+ (47. Qe6+ $142 Kf8 48. Qf6+ {[%mdl 64] Double Attack} Nf7 49. Qxc3 dxe1=B 50. Qxe1 a5 51. f6 Kg8 52. Re2) 47... Kf6 48. Qh6+ {White mates.} Kf7 49. Qe6+ {[%mdl 64] Double Attack} Kg7 50. f6+ Kg6 51. f7+ {Accuracy: White = 56%, Black = 34%.} 1-0

[Event "Skalica Rapid 2020"]
[Site "Skalica"]
[Date "2020.08.29"]
[Round "3.6"]
[White "Szucs, Vladimir"]
[Black "Krakovsky, Peter"]
[Result "1-0"]
[WhiteElo "2088"]
[BlackElo "1661"]
[Annotator "ChessBase"]
[PlyCount "79"]
[EventDate "2020.08.29"]
[EventType "swiss"]
[EventCountry "SVK"]
[SourceTitle "playchess.com"]
[Source "ChessBase"]
[SourceQuality "1"]
[TimeControl "600+5"]

1. d4 {[%emt 0:00:00]} d5 {[%emt 0:00:00]} 2. c4 {[%emt 0:00:00]} Nf6 {[%emt 0:00:00]} 3. cxd5 {[%emt 0:00:01]} Nxd5 {[%emt 0:00:00]} 4. e4 {[%emt 0:00:01]} Nf6 {[%emt 0:00:02]} 5. Nc3 {[%emt 0:00:01]} e6 {[%emt 0:00:01]} 6. Nf3 {[%emt 0:00:01]} Be7 {[%emt 0:00:03]} 7. Bd3 {[%emt 0:00:03]} O-O {[%emt 0:00:02]} 8. O-O {[%emt 0:00:02]} c6 {[%emt 0:00:05]} 9. Qe2 {[%emt 0:00:02]} Nbd7 {[%emt 0:00:02]} 10. Bg5 {[%emt 0:00:02]} h6 {[%emt 0:00:02]} 11. Bh4 {[%emt 0:00:01]} b5 {[%emt 0:00:11]} 12. Rfe1 {[%emt 0:00:08]} Re8 {[%emt 0:00:03]} 13. Rad1 {[%emt 0:00:38]} Qb6 {[%emt 0:00:11]} 14. e5 {[%emt 0:00:14]} Nd5 {[%emt 0:00:11]} 15. Bxe7 {[%emt 0:00:14]} Nxe7 {[%emt 0:00:10]} 16. Qe4 {[%emt 0:00:11]} Nf8 {[%emt 0:00:23]} 17. b4 {[%emt 0:00:08]} Bb7 {[%emt 0:00:06]} 18. Qe2 {[%emt 0:00:28]} Rad8 {[%emt 0:00:05]} 19. Ne4 {[%emt 0:00:06]} Nf5 {[%emt 0:00:07]} 20. Nc5 {[%emt 0:00:39]} a5 {[%emt 0:00:35]} 21. a3 {[%emt 0:00:04]} axb4 {[%emt 0:00:02]} 22. axb4 {[%emt 0:00:01]} Bc8 {[%emt 0:00:12]} 23. Qe4 {[%emt 0:00:27]} Rd5 {[%emt 0:00:42]} 24. g4 {[%emt 0:00:15]} Ne7 {[%emt 0:00:20]} 25. h4 {[%emt 0:00:46]} Qd8 {[%emt 0:00:15]} 26. h5 {[%emt 0:00:15]} Kh8 {[%emt 0:00:24]} 27. Kg2 {[%emt 0:00:03]} Ng8 {[%emt 0:00:13]} 28. Qf4 {[%emt 0:00:11]} Qe7 {[%emt 0:00:21]} 29. Be4 {[%emt 0:00:12]} Red8 {[%emt 0:00:23]} 30. Bxd5 {[%emt 0:00:03]} Rxd5 {[%emt 0:00:09]} 31. Ra1 {[%emt 0:00:08]} Nh7 {[%emt 0:00:24]} 32. Ra8 {[%emt 0:00:08]} Rd8 {[%emt 0:00:08]} 33. Rea1 {[%emt 0:00:07]} Ng5 {[%emt 0:00:06]} 34. R1a7 {[%emt 0:00:10]} Qe8 {[%emt 0:01:58]} 35. Nxg5 {[%emt 0:00:21]} hxg5 {[%emt 0:00:02]} 36. Qxf7 {[%emt 0:00:18]} Qxf7 {[%emt 0:00:02]} 37. Rxf7 {[%emt 0:00:03]} Nh6 {[%emt 0:00:04]} 38. Rc7 {[%emt 0:00:07]} Rxd4 {[%emt 0:00:09]} 39. Rcxc8+ {[%emt 0:00:04]} Kh7 {[%emt 0:00:00]} 40. Rh8# 1-0

[Event "Skalica Rapid 2020"]
[Site "Skalica"]
[Date "2020.08.29"]
[Round "3.7"]
[White "Krupa Miroslav"]
[Black "Petran, Peter"]
[Result "0-1"]
[WhiteElo "1816"]
[BlackElo "2219"]
[Annotator "ChessBase"]
[PlyCount "100"]
[EventDate "2020.08.29"]
[EventType "swiss"]
[EventCountry "SVK"]
[SourceTitle "playchess.com"]
[Source "ChessBase"]
[SourceQuality "1"]
[TimeControl "600+5"]

1. e4 {[%emt 0:00:00]} g6 {[%emt 0:00:00]} 2. d4 {[%emt 0:00:00]} Bg7 {[%emt 0:00:01]} 3. Be3 {[%emt 0:00:07]} d6 {[%emt 0:00:04]} 4. Nc3 {[%emt 0:00:04]} c6 {[%emt 0:00:04]} 5. Qd2 {[%emt 0:00:27]} b5 {[%emt 0:00:01]} 6. f3 {[%emt 0:00:02]} Nd7 {[%emt 0:00:06]} 7. g4 {[%emt 0:00:06]} Nb6 {[%emt 0:00:14]} 8. h4 {[%emt 0:00:53]} h5 {[%emt 0:00:01]} 9. g5 {[%emt 0:01:33]} e6 {[%emt 0:00:14]} 10. f4 {[%emt 0:02:11]} d5 {[%emt 0:00:13]} 11. exd5 {[%emt 0:00:23]} exd5 {[%emt 0:00:11]} 12. O-O-O {[%emt 0:00:02]} Ne7 {[%emt 0:00:08]} 13. Re1 {[%emt 0:00:16]} Bg4 {[%emt 0:00:18]} 14. Bf2 {[%emt 0:00:25]} O-O {[%emt 0:00:11]} 15. Bh3 {[%emt 0:00:42]} Nc4 {[%emt 0:00:40]} 16. Qd3 {[%emt 0:00:02]} Bf5 {[%emt 0:01:50]} 17. Bxf5 {[%emt 0:00:05]} Nxf5 {[%emt 0:00:01]} 18. Nf3 {[%emt 0:00:29]} Qc7 {[%emt 0:00:51]} 19. Ne5 {[%emt 0:00:05]} Rfe8 {[%emt 0:00:05]} 20. Ne2 {[%emt 0:00:25]} Re6 {[%emt 0:00:28]} 21. Ng3 {[%emt 0:00:05]} Ncd6 {[%emt 0:00:09]} 22. Qc3 {[%emt 0:01:00]} Rc8 {[%emt 0:00:42]} 23. Kb1 {[%emt 0:00:03]} a5 {[%emt 0:00:08]} 24. Nxf5 {[%emt 0:00:06]} Nxf5 {[%emt 0:00:02]} 25. Re2 {[%emt 0:00:21]} Bf8 {[%emt 0:00:03]} 26. Qd3 {[%emt 0:00:17]} b4 {[%emt 0:00:29]} 27. Rhe1 {[%emt 0:00:03]} c5 {[%emt 0:00:57]} 28. dxc5 {[%emt 0:00:16]} Bxc5 {[%emt 0:00:08]} 29. Qxd5 {[%emt 0:00:11]} Bxf2 {[%emt 0:00:15]} 30. Rxf2 {[%emt 0:00:01]} Nxh4 {[%emt 0:00:13]} 31. Rfe2 {[%emt 0:00:21]} Rce8 {[%emt 0:00:20]} 32. Qd3 {[%emt 0:01:06]} Rd6 {[%emt 0:00:40]} 33. Qb3 {[%emt 0:00:27]} Red8 {[%emt 0:00:17]} 34. a3 {[%emt 0:00:09]} bxa3 {[%emt 0:00:09]} 35. Qxa3 {[%emt 0:00:00]} Nf5 {[%emt 0:00:05]} 36. Qb3 {[%emt 0:00:01]} Nd4 {[%emt 0:00:04]} 37. Qc4 {[%emt 0:00:11]} Qxc4 {[%emt 0:00:05]} 38. Nxc4 {[%emt 0:00:01]} Nxe2 {[%emt 0:00:02]} 39. Nxd6 {[%emt 0:00:07]} Nxf4 {[%emt 0:00:06]} 40. Ne4 {[%emt 0:00:03]} Kg7 {[%emt 0:00:14]} 41. Nf6 {[%emt 0:00:11]} Ne6 {[%emt 0:00:06]} 42. Ne4 {[%emt 0:00:03]} Rd5 {[%emt 0:00:10]} 43. c4 {[%emt 0:00:07]} Re5 {[%emt 0:00:07]} 44. Kc2 {[%emt 0:00:07]} Nxg5 {[%emt 0:00:06]} 45. Kd3 {[%emt 0:00:01]} Rxe4 {[%emt 0:00:24]} 46. Rxe4 {[%emt 0:00:02]} Nxe4 {[%emt 0:00:01]} 47. Kxe4 {[%emt 0:00:01]} Kf6 {[%emt 0:00:07]} 48. Kd5 {[%emt 0:00:03]} h4 {[%emt 0:00:04]} 49. c5 {[%emt 0:00:01]} h3 {[%emt 0:00:01]} 50. c6 {[%emt 0:00:02]} h2 {[%emt 0:00:01]} 0-1

[Event "Skalica Rapid 2020"]
[Site "Skalica"]
[Date "2020.08.29"]
[Round "3.7"]
[White "Tupy, Bystrik"]
[Black "Janas, Peter"]
[Result "1-0"]
[WhiteElo "1702"]
[BlackElo "1562"]
[Annotator "NA"]
[PlyCount "109"]
[EventDate "2020.08.29"]
[EventType "swiss"]
[EventCountry "SVK"]
[SourceTitle "playchess.com"]
[Source "ChessBase"]
[SourceQuality "1"]
[TimeControl "600+5"]

1. e4 {[%emt 0:00:00]} d5 {[%emt 0:00:00]} 2. exd5 {[%emt 0:00:00]} Qxd5 {[%emt 0:00:00]} 3. Nc3 {[%emt 0:00:00]} Qa5 {[%emt 0:00:00]} 4. Nf3 {[%emt 0:00:01]} Bg4 5. Be2 {[%emt 0:00:02]} Nf6 {[%emt 0:00:03]} 6. h3 {[%emt 0:00:02]} Bh5 {[%emt 0:00:04]} 7. Nd4 {[%emt 0:00:09]} Bxe2 {[%emt 0:00:16]} 8. Qxe2 {[%emt 0:00:02]} c6 {[%emt 0:00:05]} 9. d3 {[%emt 0:00:08]} Nbd7 {[%emt 0:00:01]} 10. Nb3 {[%emt 0:00:01]} Qc7 {[%emt 0:00:06]} 11. Bg5 {[%emt 0:00:07]} e6 {[%emt 0:00:10]} 12. O-O {[%emt 0:00:11]} h6 {[%emt 0:00:16]} 13. Bh4 {[%emt 0:00:03]} Bd6 {[%emt 0:00:14]} 14. Bxf6 {[%emt 0:00:15]} Nxf6 {[%emt 0:00:02]} 15. Rfe1 {[%emt 0:00:08]} O-O {[%emt 0:00:14]} 16. Ne4 {[%emt 0:00:10]} Nxe4 {[%emt 0:00:23]} 17. Qxe4 {[%emt 0:00:39]} a5 {[%emt 0:00:16]} 18. Nd2 {[%emt 0:00:04]} b5 {[%emt 0:00:11]} 19. Nf3 {[%emt 0:00:16]} a4 {[%emt 0:00:10]} 20. c3 {[%emt 0:00:02]} Rfd8 {[%emt 0:00:32]} 21. d4 {[%emt 0:00:03]} a3 {[%emt 0:00:15]} 22. b3 {[%emt 0:00:19]} c5 {[%emt 0:00:36]} 23. Rac1 {[%emt 0:00:17]} Qb6 {[%emt 0:00:45]} 24. Red1 {[%emt 0:01:48]} Rac8 {[%emt 0:00:28]} 25. d5 {[%emt 0:00:39]} Qb7 {[%emt 0:00:43]} 26. c4 {[%emt 0:00:56]} b4 {[%emt 0:00:19]} 27. Rd3 {[%emt 0:00:27]} Rd7 {[%emt 0:01:29]} 28. Rcd1 {[%emt 0:00:18]} Rcd8 {[%emt 0:00:08]} 29. Kf1 {[%emt 0:00:41]} exd5 {[%emt 0:00:59]} 30. Qxd5 {[%emt 0:00:49]} Qxd5 {[%emt 0:00:16]} 31. Rxd5 {[%emt 0:00:02]} Kf8 {[%emt 0:00:16]} 32. Ne5 {[%emt 0:00:56]} Bxe5 {[%emt 0:00:44]} 33. Rxd7 {[%emt 0:00:04]} Re8 {[%emt 0:00:05]} 34. Rd8 {[%emt 0:00:16]} Bd4 {[%emt 0:00:12]} 35. Rxe8+ {[%emt 0:00:11]} Kxe8 {[%emt 0:00:01]} 36. Re1+ {[%emt 0:00:04]} Kf8 {[%emt 0:00:13]} 37. Re4 {[%emt 0:00:06]} Bc3 {[%emt 0:00:32]} 38. Ke2 {[%emt 0:00:04]} f5 {[%emt 0:00:02]} 39. Re6 {[%emt 0:00:03]} Kf7 {[%emt 0:00:03]} 40. Re3 {[%emt 0:00:02]} Bd4 {[%emt 0:00:03]} 41. Rd3 {[%emt 0:00:32]} Ke6 {[%emt 0:00:23]} 42. f3 {[%emt 0:00:07]} f4 {[%emt 0:00:15]} 43. Rd1 {[%emt 0:00:17]} Ke5 {[%emt 0:00:11]} 44. Kd3 {[%emt 0:00:01]} Kf5 {[%emt 0:00:16]} 45. Re1 {[%emt 0:00:02]} h5 {[%emt 0:00:17]} 46. Re4 {[%emt 0:00:02]} Bf2 {[%emt 0:00:05]} 47. Re7 {[%emt 0:00:08]} Bd4 {[%emt 0:00:05]} 48. Rd7 {[%emt 0:00:04]} Bf2 {[%emt 0:00:14]} 49. Rxg7 {[%emt 0:00:08]} Kf6 {[%emt 0:00:05]} 50. Rd7 {[%emt 0:00:05]} h4 {[%emt 0:00:06]} 51. Ke4 {[%emt 0:00:06]} Be3 {[%emt 0:00:04]} 52. Rd5 {[%emt 0:00:07]} Ke6 {[%emt 0:00:05]} 53. Rd3 {[%emt 0:00:07]} Bc1 {[%emt 0:00:07]} 54. Rd5 {[%emt 0:00:03]} Be3 {[%emt 0:00:02]} 55. Rh5 {[%emt 0:00:01]} 1-0